[Event "World Junior Girls 2015"]
[Site "Khanty-Mansiysk RUS"]
[Date "2015.09.15"]
[Round "13.19"]
[White "Milosevic, Jovana"]
[Black "Sviridova, Vlada"]
[Result "0-1"]
[WhiteTitle "WFM"]
[BlackTitle "WFM"]
[WhiteElo "2117"]
[BlackElo "2125"]
[WhiteFideId "900427"]
[BlackFideId "24109606"]
[EventDate "2015.09.02"]

1. Nf3 d5 2. d4 Nf6 3. c4 c6 4. e3 a6 5. b3 Bg4 6. Nbd2 e6 7. Bd3 Nbd7 8. O-O
Bd6 9. Qc2 O-O 10. Bb2 Qb8 11. h3 Bxf3 12. Nxf3 e5 13. cxd5 cxd5 14. dxe5 Nxe5
15. Nd4 Qc8 16. Qe2 Ne4 17. Nf3 Qe6 18. Bxe4 dxe4 19. Nxe5 Bxe5 20. Bxe5 Qxe5
21. Rac1 Rfd8 22. Rfd1 Rac8 23. Rxc8 Rxc8 24. Qg4 f5 25. Qg5 Qe6 26. Qf4 h6 27.
Rd6 Qf7 28. Rd2 Qf6 29. Rd5 Rf8 30. Qe5 Qxe5 31. Rxe5 g6 32. g4 Kg7 33. gxf5
gxf5 34. Rd5 Kf6 35. Rd6+ Kg5 36. Kg2 h5 37. Rd7 b5 38. Rg7+ Kh4 39. b4 Rf6 40.
Rg8 Rc6 41. Rf8 Kg5 42. h4+ Kg4 43. Ra8 Kxh4 44. a3 Rg6+ 45. Kh2 Kg4 46. Rf8 h4
47. Rf7 Rg5 48. Rf6 Kf3 49. Kh3 Rh5 50. Rxa6 Kxf2 51. Rb6 Kxe3 52. Rxb5 Kf2 53.
Re5 e3 0-1

[Event "World Junior Girls 2015"]
[Site "Khanty-Mansiysk RUS"]
[Date "2015.09.15"]
[Round "13.20"]
[White "Bengtsson, Jessica"]
[Black "Garifullina, Leya"]
[Result "1-0"]
[WhiteElo "2056"]
[BlackElo "1776"]
[WhiteFideId "1711083"]
[BlackFideId "34127035"]
[EventDate "2015.09.02"]

1. e4 e6 2. d4 d5 3. e5 c5 4. c3 Qb6 5. Nf3 Nc6 6. Bd3 cxd4 7. cxd4 Bd7 8. O-O
Nxd4 9. Nbd2 Nxf3+ 10. Nxf3 Ne7 11. Be3 Qc7 12. Rc1 Nc6 13. Qa4 Qb8 14. Bb5 Be7
15. Qg4 Nxe5 16. Nxe5 Bxb5 17. Qxg7 Rf8 18. Rfe1 f6 19. Nf3 Bd7 20. Qxh7 Kd8 21.
h4 e5 22. h5 e4 23. Nh4 Be8 24. Nf5 Rf7 25. Qg8 Qe5 26. Nxe7 Rxe7 27. h6 Qf5 28.
Red1 Qh7 29. Rxd5+ Rd7 30. Qxh7 Rxd5 31. Qc7# 1-0

[Event "World Junior Girls 2015"]
[Site "Khanty-Mansiysk RUS"]
[Date "2015.09.15"]
[Round "13.21"]
[White "Paredes Bustamante, Paula"]
[Black "Hoare, Amy B"]
[Result "1/2-1/2"]
[WhiteTitle "WFM"]
[WhiteElo "2156"]
[BlackElo "2088"]
[WhiteFideId "3804992"]
[BlackFideId "418366"]
[EventDate "2015.09.02"]

1. e4 e5 2. Nf3 Nc6 3. Bb5 Nf6 4. O-O Nxe4 5. Re1 Nd6 6. Bxc6 dxc6 7. Nxe5 Be7
8. d4 O-O 9. c3 Bf5 10. Nd2 Re8 11. Ndf3 Bf8 12. Bf4 f6 13. Nd3 Rxe1+ 14. Ndxe1
Qd7 15. h3 Re8 16. Nd2 Bg6 17. Qf3 Ne4 18. Nxe4 Bxe4 19. Qg3 Bd6 20. Bxd6 Qxd6
21. Qxd6 cxd6 22. f3 Bd5 23. Kf2 Bc4 24. b3 Re2+ 25. Kg3 Be6 26. Nd3 Bf5 27. Nf2
Kf7 28. a3 Rb2 29. b4 Rc2 30. Nd1 Bd3 31. a4 a6 32. Ra3 h5 33. h4 g5 34. hxg5
fxg5 35. Kh2 Rd2 36. Ne3 Re2 37. Nd1 Kg6 38. Kh3 Rd2 39. Ne3 Re2 40. Nf1 g4+ 41.
fxg4 hxg4+ 42. Kxg4 Rxg2+ 43. Ng3 Rc2 44. Kf4 1/2-1/2

[Event "World Junior Girls 2015"]
[Site "Khanty-Mansiysk RUS"]
[Date "2015.09.15"]
[Round "13.22"]
[White "Gelip, Ioana"]
[Black "Barbier, Astrid"]
[Result "1-0"]
[WhiteElo "2139"]
[BlackElo "1835"]
[WhiteFideId "1202260"]
[BlackFideId "200395"]
[EventDate "2015.09.02"]

1. e4 e5 2. Nf3 Nc6 3. Bc4 Nf6 4. d4 Nxe4 5. dxe5 Nc5 6. O-O Be7 7. Re1 O-O 8.
Nc3 d6 9. exd6 Qxd6 10. Nd5 Ne6 11. c3 Rd8 12. Nxe7+ Qxe7 13. Qe2 h6 14. Qe4 Qf6
15. Bd3 Nf8 16. Be3 Be6 17. Nd4 Bd5 18. Qf5 Qxf5 19. Bxf5 Nxd4 20. Bxd4 Be6 21.
Bc2 Nd7 22. Red1 Nf6 23. Be5 c6 24. a3 Rd5 25. Rxd5 Bxd5 26. f3 Nd7 27. Bf4 Kf8
28. Bd6+ Kg8 29. Re1 Be6 30. f4 Nf6 31. f5 Bd7 32. Kf2 Rd8 33. Bc7 Rc8 34. Bf4
Nd5 35. Bc1 Kf8 36. c4 Nb6 37. b3 Rd8 38. f6 Be6 39. fxg7+ Kxg7 40. Re3 Nd7 41.
Rg3+ 1-0

[Event "World Junior Girls 2015"]
[Site "Khanty-Mansiysk RUS"]
[Date "2015.09.15"]
[Round "13.23"]
[White "Musaeva, Shakhnazi"]
[Black "Thomas, Anysia"]
[Result "0-1"]
[WhiteElo "1586"]
[BlackElo "2035"]
[WhiteFideId "13801643"]
[BlackFideId "670472"]
[EventDate "2015.09.02"]

1. e4 g6 2. d4 Bg7 3. Nc3 d6 4. f4 a6 5. Nf3 b5 6. a3 Bb7 7. Be2 Nd7 8. e5 Nh6
9. O-O O-O 10. Be3 c5 11. Qd2 Nf5 12. dxc5 dxe5 13. fxe5 Nxe5 14. Qxd8 Rfxd8 15.
Bf4 Nxf3+ 16. Bxf3 Bxf3 17. Rxf3 Bd4+ 18. Kf1 Bxc5 19. Ne4 Bb6 20. c3 Rd5 21. g4
Ng7 22. Re1 Ne6 23. Bc1 Rad8 24. Ke2 Nc5 25. Nxc5 Bxc5 26. Bf4 e5 27. Bc1 R8d7
28. Rf6 a5 29. Ref1 R5d6 30. R6f3 Re6 31. Ke1 e4 32. Rf4 Bd6 33. R4f2 Be7 34. g5
e3 35. Rg2 Bxg5 36. Ke2 Bh6 37. Re1 Rd2+ 38. Kf3 Rxg2 39. Kxg2 f5 40. Kf3 f4 41.
h4 Rd6 42. Ke4 Kf7 43. Kf3 Ke6 44. Ke4 Kf6 45. Kf3 Kf5 46. Rg1 Rd5 0-1

[Event "World Junior Girls 2015"]
[Site "Khanty-Mansiysk RUS"]
[Date "2015.09.15"]
[Round "13.24"]
[White "Drogovoz, Maria"]
[Black "Voskresenskaya, Marta"]
[Result "1-0"]
[WhiteTitle "WFM"]
[WhiteElo "1924"]
[BlackElo "1703"]
[WhiteFideId "4176731"]
[BlackFideId "34127795"]
[EventDate "2015.09.02"]

1. e4 d5 2. exd5 Qxd5 3. Nc3 Qd6 4. d4 Nf6 5. Nf3 a6 6. g3 g6 7. Bg2 Bg7 8. O-O
Nc6 9. Bf4 Qd8 10. d5 Na7 11. a4 O-O 12. Nd4 Rb8 13. Re1 Bd7 14. Qe2 Re8 15. Qc4
Rc8 16. Qc5 b6 17. Qc4 Nh5 18. Nc6 Nxc6 19. dxc6 Be6 20. Rxe6 Bxc3 21. Re3 e5
22. Qxc3 exf4 23. Rxe8+ Qxe8 24. Re1 Qf8 25. g4 Ng7 26. Qc4 Rd8 27. Qxf4 Ne6 28.
Qc4 Qd6 29. Bf3 Ng5 30. Bg2 Qf6 31. c3 Rd2 32. f4 Ne6 33. Rf1 Qh4 34. h3 Nc5 35.
Rf3 Qe1+ 36. Kh2 Rxb2 37. Qd4 Rd2 38. Qe3 Re2 39. Qd4 Re8 40. a5 Nb3 41. Qd7 Re7
42. Qd8+ Kg7 43. axb6 Nd2 44. Qd4+ Kg8 45. Rf2 Nb3 46. Qd8+ Kg7 47. Rf1 Qe2 48.
bxc7 Nd2 49. Qd4+ f6 50. Rf2 Qe6 51. Rxd2 Rxc7 52. Qd6 Qc8 53. Qd8 Rxc6 54. Bxc6
Qxc6 55. Qd7+ 1-0